Language Quiz

Random Language or Biology Quiz

Common Mnemonic Devices Quiz Stats

Quiz Updated May 16, 2015

Challenge
Share
Tweet
Embed
Score 0/15 Timer 06:00
0 Plays Today
% Correct
Compass directions
94%
Planets
87.9%
Colors of the rainbow
85.7%
Great Lakes
72.2%
Order of operations
58%
Bass clef
54.9%
Treble clef
54.3%
Royal Houses of England & Britain
48.5%
% Correct
Standard guitar tuning
45.3%
Taxonomy in biology
43.6%
Geological time periods
43%
Metric system
34.9%
Layers of Earth's atmosphere
33.4%
Steps of long division
32.5%
Phases of mitosis
32.3%

You're not logged in!

Compare scores with friends on all Sporcle quizzes.
Sign Up with Email
OR
Log In

You Might Also Like...

Show Comments

Extras

Top Quizzes Today


Score Distribution

Your Account Isn't Verified!

In order to create a playlist on Sporcle, you need to verify the email address you used during registration. Go to your Sporcle Settings to finish the process.